Brazylijska imigracja według państw - Statystyki

Ogólne statystyki
  • Ten quiz został rozwiązany 134 razy
  • Średni wynik to 18 z 24
Statystyki odpowiedzi
Ludzie Państwa % Poprawnych
86 418 Stany Zjednoczone
99%
79 744 Argentyna
97%
22 656 Meksyk
94%
81 036 Kolumbia
92%
20 650 Chile
91%
49 412 Peru
91%
169 489 Portugalia
91%
325 637 Wenezuela
91%
44 589 Francja
86%
33 200 Hiszpania
86%
50 512 Urugwaj
86%
29 793 Chiny
83%
40 980 Niemcy
83%
48 501 Paragwaj
83%
24 662 Wielka Brytania
79%
140 544 Boliwia
78%
40 433 Włochy
77%
66 380 Japonia
75%
23 912 Kuba
63%
47 675 Haiti
43%
21 143 Holandia
42%
35 602 Szwecja
31%
30 368 Austria
30%
21 377 Angola
28%
Nie znaleziono quizów pasujących do podanych kryteriów
Rozkład punktacji
Procent ludzi z każdym wynikiem
Percentyl według liczby udzielonych odpowiedzi
Twoja historia wyników
Nie rozwiązałeś tego quizu